[Event "Aleksandria Cup"]
[Site "?"]
[Date "2015.07.15"]
[Round "4.14"]
[White "Hayrapetyan, Hovik"]
[Black "Hayrapetyan, Artavazd R."]
[Result "1-0"]
[LiveChessVersion "1.3.1"]
[BlackElo "2289"]
[WhiteElo "2444"]

1. d4 {[%clk 1:30:56]} Nf6 {[%clk 1:30:54]} 2. c4 {[%clk 1:31:17]} e6
{[%clk 1:29:54]} 3. Nf3 {[%clk 1:31:42]} d5 {[%clk 1:29:25]} 4. Nc3
{[%clk 1:31:55]} Be7 {[%clk 1:29:31]} 5. e3 {[%clk 1:26:11]} O-O {[%clk 1:29:12]}
6. Bd3 {[%clk 1:26:26]} dxc4 {[%clk 1:27:20]} 7. Bxc4 {[%clk 1:26:48]} a6
{[%clk 1:27:45]} 8. O-O {[%clk 1:19:40]} b5 {[%clk 1:28:05]} 9. Bd3
{[%clk 1:20:02]} Bb7 {[%clk 1:28:20]} 10. Qe2 {[%clk 1:19:36]} Nbd7
{[%clk 1:17:49]} 11. Rd1 {[%clk 1:10:41]} c5 {[%clk 0:59:49]} 12. dxc5
{[%clk 1:09:09]} Bxc5 {[%clk 1:00:16]} 13. Ng5 {[%clk 0:49:31]} h6
{[%clk 0:50:11]} 14. Nge4 {[%clk 0:48:12]} Be7 {[%clk 0:47:48]} 15. Nxf6+
{[%clk 0:47:10]} Bxf6 {[%clk 0:47:35]} 16. a4 {[%clk 0:32:15]} b4
{[%clk 0:44:06]} 17. Ne4 {[%clk 0:28:40]} Be7 {[%clk 0:37:32]} 18. b3
{[%clk 0:28:30]} Qa5 {[%clk 0:36:24]} 19. Bb2 {[%clk 0:26:34]} Ne5
{[%clk 0:35:19]} 20. Bc2 {[%clk 0:24:08]} Rfd8 {[%clk 0:27:59]} 21. f4
{[%clk 0:23:30]} Ng6 {[%clk 0:28:23]} 22. Ng3 {[%clk 0:15:39]} Rxd1+
{[%clk 0:25:46]} 23. Rxd1 {[%clk 0:16:05]} Rd8 {[%clk 0:26:14]} 24. Rxd8+
{[%clk 0:12:13]} Qxd8 {[%clk 0:26:37]} 25. Nh5 {[%clk 0:09:06]} Bf8
{[%clk 0:26:31]} 26. h3 {[%clk 0:07:26]} a5 {[%clk 0:20:51]} 27. Kh2
{[%clk 0:07:04]} Qc7 {[%clk 0:20:09]} 28. Bb1 {[%clk 0:01:50]} f5
{[%clk 0:11:53]} 29. g4 {[%clk 0:00:39]} Qc6 {[%clk 0:10:07]} 30. e4
{[%clk 0:00:36]} fxe4 {[%clk 0:10:19]} 31. Qb5 {[%clk 0:00:35]} Qxb5
{[%clk 0:07:21]} 32. axb5 {[%clk 0:01:04]} Nxf4 {[%clk 0:07:46]} 33. Nxf4
{[%clk 0:00:33]} Bd6 {[%clk 0:08:11]} 34. Kg3 {[%clk 0:00:32]} g5
{[%clk 0:08:35]} 35. Bc1 {[%clk 0:01:00]} Kf7 {[%clk 0:08:49]} 36. Be3
{[%clk 0:00:44]} Ke7 {[%clk 0:08:30]} 37. Bc2 {[%clk 0:01:13]} Kd7
{[%clk 0:08:37]} 38. h4 {[%clk 0:01:12]} Bd5 {[%clk 0:03:05]} 39. h5
{[%clk 0:01:12]} Kc7 {[%clk 0:01:56]} 40. Bd1 {[%clk 0:31:11]} Kb7
{[%clk 0:31:04]} 41. Bc2 {[%clk 0:29:12]} Kc7 {[%clk 0:30:45]} 42. Bd1
{[%clk 0:22:10]} a4 {[%clk 0:27:59]} 43. bxa4 {[%clk 0:22:29]} b3
{[%clk 0:28:26]} 44. a5 {[%clk 0:14:37]} Bc4 {[%clk 0:28:10]} 45. Kg2
{[%clk 0:14:23]} b2 {[%clk 0:21:51]} 46. Nxe6+ {[%clk 0:02:26]} Kd7
{[%clk 0:22:01]} 47. Bc2 {[%clk 0:02:25]} Bd3 {[%clk 0:22:25]} 48. a6
{[%clk 0:01:35]} Bxc2 {[%clk 0:16:21]} 49. a7 {[%clk 0:02:04]} b1=Q
{[%clk 0:16:45]} 50. a8=Q {[%clk 0:02:32]} Qxb5 {[%clk 0:16:45]} 51. Nd4
{[%clk 0:01:44]} Qb2 {[%clk 0:17:06]} 52. Qc6+ {[%clk 0:02:05]} Ke7
{[%clk 0:17:01]} 53. Nf5+ {[%clk 0:02:30]} Kf7 {[%clk 0:16:52]} 54. Nxd6+
{[%clk 0:02:52]} Kg8 {[%clk 0:17:05]} 55. Qd5+ {[%clk 0:03:06]} 1-0

[Event "Aleksandria Cup"]
[Site "?"]
[Date "2015.07.15"]
[Round "4.15"]
[White "Pirverdiyev, Agil"]
[Black "Pourramezanali, Amirreza"]
[Result "1/2-1/2"]
[LiveChessVersion "1.3.1"]
[BlackElo "2441"]
[WhiteElo "2313"]

1. e4 e6 2. d4 d5 3. Nd2 {[%clk 1:31:44]} Be7 {[%clk 1:31:47]} 4. Ngf3
{[%clk 1:32:03]} Nf6 {[%clk 1:32:12]} 5. e5 {[%clk 1:32:11]} Nfd7
{[%clk 1:32:38]} 6. Bd3 {[%clk 1:32:31]} c5 {[%clk 1:33:04]} 7. c3
{[%clk 1:32:55]} Nc6 {[%clk 1:32:59]} 8. O-O {[%clk 1:32:43]} O-O
{[%clk 1:33:53]} 9. Re1 f6 {[%clk 1:34:18]} 10. exf6 Nxf6 11. Nf1
{[%clk 1:27:23]} cxd4 {[%clk 1:35:11]} 12. cxd4 {[%clk 1:27:45]} Qb6
{[%clk 1:35:38]} 13. Ng3 {[%clk 1:23:19]} Ng4 {[%clk 1:31:02]} 14. Qc2
{[%clk 0:46:43]} Nxd4 {[%clk 1:19:59]} 15. Nxd4 {[%clk 0:44:36]} Rxf2
{[%clk 1:02:13]} 16. Qd1 {[%clk 0:35:01]} e5 {[%clk 0:58:39]} 17. h3
{[%clk 0:26:33]} Bc5 {[%clk 0:55:08]} 18. hxg4 {[%clk 0:26:42]} Bxd4
{[%clk 0:55:33]} 19. Kh2 {[%clk 0:23:42]} Be6 {[%clk 0:51:06]} 20. Nf5
{[%clk 0:17:19]} Bxf5 {[%clk 0:51:14]} 21. Bxf5 {[%clk 0:14:30]} Qd6
{[%clk 0:33:37]} 22. Be3 {[%clk 0:12:47]} Bxe3 {[%clk 0:22:14]} 23. Rxe3
{[%clk 0:13:10]} Rxb2 {[%clk 0:22:41]} 24. Rh3 {[%clk 0:11:36]} g6
{[%clk 0:19:00]} 25. Be4 {[%clk 0:11:15]} Rd8 {[%clk 0:19:18]} 26. Rd3
{[%clk 0:10:38]} Qe7 {[%clk 0:12:58]} 1/2-1/2

[Event "Aleksandria Cup"]
[Site "?"]
[Date "2015.07.15"]
[Round "4.16"]
[White "Mikaelyan, Arman"]
[Black "Babazada, Khazar"]
[Result "1-0"]
[LiveChessVersion "1.3.1"]
[BlackElo "1860"]
[WhiteElo "2436"]

1. Nf3 {[%clk 1:30:56]} d5 {[%clk 1:30:49]} 2. g3 {[%clk 1:31:22]} c5
{[%clk 1:30:18]} 3. Bg2 {[%clk 1:31:47]} Nc6 {[%clk 1:30:28]} 4. c4
{[%clk 1:32:11]} d4 {[%clk 1:30:15]} 5. d3 {[%clk 1:32:19]} e5 {[%clk 1:29:51]}
6. O-O {[%clk 1:32:21]} Bd6 {[%clk 1:29:43]} 7. e3 {[%clk 1:32:43]} Nge7
{[%clk 1:29:12]} 8. exd4 {[%clk 1:32:58]} exd4 {[%clk 1:27:30]} 9. Nbd2
{[%clk 1:33:03]} Bf5 {[%clk 1:22:31]} 10. Qe2 {[%clk 1:32:47]} O-O
{[%clk 1:22:06]} 11. Nh4 {[%clk 1:32:57]} Be6 {[%clk 1:15:30]} 12. Ne4
{[%clk 1:31:23]} Ng6 {[%clk 1:13:32]} 13. Nxg6 {[%clk 1:28:43]} hxg6
{[%clk 1:13:20]} 14. f4 {[%clk 1:28:02]} Re8 {[%clk 1:10:02]} 15. g4
{[%clk 1:25:01]} Qd7 {[%clk 0:54:47]} 16. h3 {[%clk 1:20:42]} f5 {[%clk 0:53:46]}
17. Ng5 {[%clk 1:19:35]} Kf8 {[%clk 0:51:15]} 18. Qf2 {[%clk 1:17:15]} fxg4
{[%clk 0:50:53]} 19. f5 {[%clk 1:16:04]} gxf5 {[%clk 0:50:16]} 20. hxg4
{[%clk 1:16:18]} Bg8 {[%clk 0:49:25]} 21. Qh4 {[%clk 1:14:01]} Re2
{[%clk 0:49:08]} 22. Rxf5+ {[%clk 1:13:00]} Ke8 {[%clk 0:49:37]} 23. Qh5+
{[%clk 1:07:21]} Kd8 {[%clk 0:49:59]} 24. Ne4 {[%clk 1:05:58]} g6
{[%clk 0:48:51]} 25. Qxg6 {[%clk 1:05:05]} Bh7 {[%clk 0:49:08]} 26. Qf6+
{[%clk 1:03:16]} Kc7 {[%clk 0:49:20]} 27. Nxd6 {[%clk 1:03:25]} Bxf5
{[%clk 0:49:30]} 28. Nxf5 {[%clk 1:03:43]} Rg8 {[%clk 0:49:42]} 29. Bf4+
{[%clk 1:04:01]} Kb6 {[%clk 0:50:11]} 30. Ng3 {[%clk 0:50:28]} Qxg4
{[%clk 0:50:09]} 31. Qd6 {[%clk 0:44:05]} Rg7 {[%clk 0:50:17]} 32. b4
{[%clk 0:43:43]} cxb4 {[%clk 0:49:29]} 33. Bxc6 {[%clk 0:43:22]} bxc6
{[%clk 0:47:49]} 34. Qxb4+ {[%clk 0:43:44]} Ka6 {[%clk 0:48:17]} 35. Qa3+
{[%clk 0:43:24]} Kb7 {[%clk 0:48:33]} 36. Rb1+ {[%clk 0:43:48]} Kc8
{[%clk 0:48:57]} 37. Rb8+ {[%clk 0:44:11]} Kd7 {[%clk 0:49:23]} 38. Qd6#
{[%clk 0:44:37]} 1-0

[Event "Aleksandria Cup"]
[Site "?"]
[Date "2015.07.15"]
[Round "4.17"]
[White "Gajic, Mladen"]
[Black "Quparadze, Giga"]
[Result "0-1"]
[LiveChessVersion "1.3.1"]
[BlackElo "2484"]
[WhiteElo "2227"]

1. b3 {[%clk 1:30:58]} Nf6 {[%clk 1:27:20]} 2. Bb2 {[%clk 1:31:25]} e6
{[%clk 1:27:37]} 3. e3 {[%clk 1:29:36]} b6 {[%clk 1:28:01]} 4. f4
{[%clk 1:26:59]} Bb7 {[%clk 1:28:25]} 5. Nf3 {[%clk 1:27:20]} g6 {[%clk 1:27:24]}
6. g3 {[%clk 1:25:48]} Bg7 {[%clk 1:27:02]} 7. Bg2 {[%clk 1:26:15]} d6
{[%clk 1:27:16]} 8. O-O {[%clk 1:26:39]} O-O {[%clk 1:27:40]} 9. a4
{[%clk 1:20:41]} a5 {[%clk 1:27:24]} 10. d3 {[%clk 1:19:13]} d5 {[%clk 1:16:38]}
11. Qe2 {[%clk 1:12:08]} Na6 {[%clk 1:16:21]} 12. Na3 {[%clk 1:10:23]} c5
{[%clk 1:16:01]} 13. Rad1 {[%clk 1:10:08]} Qe7 {[%clk 1:16:24]} 14. Ne5
{[%clk 0:55:09]} Rad8 {[%clk 1:16:16]} 15. e4 {[%clk 0:54:32]} Nb4
{[%clk 1:15:02]} 16. Rfe1 {[%clk 0:44:45]} Rfe8 {[%clk 1:09:29]} 17. Nb5
{[%clk 0:38:37]} Nd7 {[%clk 1:05:33]} 18. exd5 {[%clk 0:32:33]} exd5
{[%clk 1:03:55]} 19. Qf2 {[%clk 0:20:05]} Nxe5 {[%clk 1:02:51]} 20. Bxe5
{[%clk 0:19:31]} Bxe5 {[%clk 1:02:52]} 21. Rxe5 {[%clk 0:19:04]} Qf6
{[%clk 1:00:45]} 22. Rde1 {[%clk 0:17:55]} Rxe5 {[%clk 1:00:56]} 23. Rxe5
{[%clk 0:18:22]} Bc6 {[%clk 1:00:56]} 24. Qe2 {[%clk 0:17:44]} Bxb5
{[%clk 1:00:00]} 25. axb5 {[%clk 0:18:09]} d4 {[%clk 1:00:27]} 26. h4
{[%clk 0:17:56]} Rd6 {[%clk 0:56:58]} 27. h5 {[%clk 0:15:55]} Re6
{[%clk 0:55:55]} 28. hxg6 {[%clk 0:14:33]} hxg6 {[%clk 0:56:19]} 29. Kh2
{[%clk 0:12:01]} Kf8 {[%clk 0:54:18]} 30. Qe4 {[%clk 0:12:03]} Nxc2
{[%clk 0:54:02]} 31. Qa8+ {[%clk 0:12:29]} Kg7 {[%clk 0:54:19]} 32. Qb8
{[%clk 0:11:08]} Ne3 {[%clk 0:54:11]} 33. Rxe6 {[%clk 0:11:19]} Qxe6
{[%clk 0:54:33]} 34. Bc6 {[%clk 0:11:38]} Ng4+ {[%clk 0:54:48]} 35. Kg2
{[%clk 0:09:56]} Qe2+ {[%clk 0:55:12]} 36. Kh3 {[%clk 0:10:23]} Qh2+
{[%clk 0:55:36]} 0-1

[Event "Aleksandria Cup"]
[Site "?"]
[Date "2015.07.15"]
[Round "4.18"]
[White "Benidze, Davit"]
[Black "Gaboyan, Susanna"]
[Result "1-0"]
[LiveChessVersion "1.3.1"]
[BlackElo "2165"]
[WhiteElo "2465"]

1. Nf3 {[%clk 0:34:33]} Nf6 {[%clk 1:30:40]} 2. g3 {[%clk 0:34:59]} g6
{[%clk 1:31:03]} 3. c4 {[%clk 0:34:49]} Bg7 4. Nc3 d5 {[%clk 1:31:27]} 5. cxd5
{[%clk 0:35:16]} Nxd5 {[%clk 1:31:52]} 6. Bg2 {[%clk 0:34:23]} O-O
{[%clk 1:28:36]} 7. O-O c5 8. d3 {[%clk 0:34:23]} Nxc3 {[%clk 1:24:35]} 9. bxc3
{[%clk 0:34:09]} Bxc3 {[%clk 1:24:06]} 10. Bh6 {[%clk 0:34:33]} Bg7 11. Bxg7
{[%clk 0:31:53]} Kxg7 {[%clk 1:22:24]} 12. Qc2 {[%clk 0:26:36]} Qd6
{[%clk 1:01:07]} 13. Rfc1 {[%clk 0:25:49]} Na6 14. Nd2 Qe5 {[%clk 0:58:31]} 15.
Nb3 {[%clk 0:18:56]} Rb8 {[%clk 0:46:00]} 16. Nxc5 {[%clk 0:18:39]} b6 17. Nb3
{[%clk 0:13:34]} Be6 {[%clk 0:30:50]} 18. d4 {[%clk 0:11:07]} Qb5
{[%clk 0:28:26]} 19. Bc6 {[%clk 0:08:14]} Qh5 {[%clk 0:27:34]} 20. Qb2
{[%clk 0:08:03]} f6 {[%clk 0:23:19]} 21. Qa3 {[%clk 0:06:45]} Bc8
{[%clk 0:23:02]} 22. Bf3 Qb5 {[%clk 0:23:25]} 23. Qxe7+ {[%clk 0:05:54]} Rf7
{[%clk 0:23:17]} 24. Qa3 {[%clk 0:04:22]} Bb7 {[%clk 0:20:20]} 25. d5 Qb4
{[%clk 0:20:43]} 26. Qxb4 {[%clk 0:03:54]} Nxb4 {[%clk 0:20:31]} 27. Rd1
{[%clk 0:04:36]} Rd8 {[%clk 0:18:08]} 28. Nd4 {[%clk 0:02:30]} Kh6
{[%clk 0:18:15]} 29. Nc6 Bxc6 30. dxc6 {[%clk 0:02:55]} Rc8 {[%clk 0:18:20]} 31.
Rd6 {[%clk 0:03:14]} Rfc7 {[%clk 0:17:42]} 32. Rxf6 Kg7 33. Rd6 {[%clk 0:03:33]}
Nxc6 {[%clk 0:17:49]} 34. Bxc6 {[%clk 0:03:59]} Rxc6 {[%clk 0:18:00]} 35. Rd7+
{[%clk 0:04:27]} Kh6 {[%clk 0:17:58]} 36. Rxa7 {[%clk 0:04:52]} Rc2
{[%clk 0:18:20]} 37. Re7 {[%clk 0:04:47]} Ra8 {[%clk 0:18:13]} 38. a3
{[%clk 0:05:06]} Rb2 {[%clk 0:17:50]} 39. Re3 {[%clk 0:05:20]} Rd8
{[%clk 0:16:40]} 40. Rc1 {[%clk 0:35:20]} Rdd2 {[%clk 0:46:55]} 41. Kf1
{[%clk 0:35:37]} Ra2 {[%clk 0:47:21]} 42. Rc7 {[%clk 0:36:01]} 1-0

[Event "Aleksandria Cup"]
[Site "?"]
[Date "2015.07.15"]
[Round "4.19"]
[White "Javakhadze, Zurab"]
[Black "Ebralidze, Alexandre"]
[Result "1-0"]
[LiveChessVersion "1.3.1"]
[BlackElo "2135"]
[WhiteElo "2415"]

1. Nf3 {[%clk 1:25:00]} d5 {[%clk 1:30:41]} 2. g3 {[%clk 1:25:09]} Nf6
{[%clk 1:30:27]} 3. Bg2 {[%clk 1:25:09]} c6 {[%clk 1:30:47]} 4. O-O
{[%clk 1:25:11]} Bf5 {[%clk 1:30:45]} 5. d3 {[%clk 1:25:35]} e6 {[%clk 1:30:31]}
6. c4 {[%clk 1:24:02]} Be7 {[%clk 1:30:04]} 7. Be3 {[%clk 1:23:20]} O-O
{[%clk 1:23:17]} 8. Nc3 {[%clk 1:23:24]} Re8 {[%clk 1:16:52]} 9. Qb3
{[%clk 1:23:05]} Qc8 {[%clk 1:12:02]} 10. Rac1 {[%clk 1:18:40]} Na6
{[%clk 1:09:55]} 11. h3 {[%clk 0:51:37]} Nc5 {[%clk 0:49:48]} 12. Qd1
{[%clk 0:48:24]} dxc4 {[%clk 0:47:32]} 13. dxc4 {[%clk 0:47:55]} Rd8
{[%clk 0:47:31]} 14. Qe1 {[%clk 0:47:22]} Nce4 {[%clk 0:35:50]} 15. g4
{[%clk 0:37:45]} Bg6 {[%clk 0:35:12]} 16. Ne5 {[%clk 0:36:29]} Nxc3
{[%clk 0:31:11]} 17. Qxc3 {[%clk 0:36:53]} Bd6 {[%clk 0:28:17]} 18. Bf4
{[%clk 0:28:24]} Ne4 {[%clk 0:24:39]} 19. Qa5 {[%clk 0:21:22]} Bxe5
{[%clk 0:12:02]} 20. Qxe5 {[%clk 0:19:46]} f6 {[%clk 0:11:59]} 21. Qa5
{[%clk 0:19:45]} e5 {[%clk 0:12:03]} 22. Be3 {[%clk 0:19:59]} Qd7
{[%clk 0:09:54]} 23. Rfd1 {[%clk 0:12:19]} Qxd1+ 24. Rxd1 Rxd1+ {[%clk 0:09:57]}
25. Kh2 {[%clk 0:13:17]} Rd7 {[%clk 0:07:04]} 26. h4 {[%clk 0:13:00]} Nd6
{[%clk 0:07:21]} 27. b3 {[%clk 0:12:13]} a6 {[%clk 0:04:35]} 28. a4
{[%clk 0:05:50]} Re8 {[%clk 0:04:28]} 29. Bc5 {[%clk 0:05:08]} Nc8
{[%clk 0:03:34]} 30. b4 {[%clk 0:04:17]} e4 {[%clk 0:03:47]} 31. b5
{[%clk 0:04:25]} cxb5 {[%clk 0:02:57]} 32. cxb5 {[%clk 0:03:45]} axb5
{[%clk 0:02:40]} 33. axb5 {[%clk 0:03:00]} Re6 {[%clk 0:01:05]} 34. Qb4
{[%clk 0:00:46]} b6 {[%clk 0:00:43]} 35. Be3 {[%clk 0:01:06]} Ne7
{[%clk 0:00:51]} 36. h5 {[%clk 0:00:40]} Nd5 {[%clk 0:01:08]} 37. Qc4
{[%clk 0:00:34]} Bf7 {[%clk 0:01:16]} 38. Bd2 {[%clk 0:00:32]} Re8
{[%clk 0:01:05]} 39. Qc2 {[%clk 0:00:32]} Rde7 {[%clk 0:01:02]} 40. e3
{[%clk 0:30:32]} h6 {[%clk 0:31:06]} 41. Bc1 {[%clk 0:28:24]} Rc7
{[%clk 0:29:28]} 42. Qd2 {[%clk 0:25:01]} Rc5 {[%clk 0:27:38]} 43. Bb2
{[%clk 0:24:23]} Rxb5 {[%clk 0:25:24]} 44. Bd4 {[%clk 0:24:52]} Rb3
{[%clk 0:21:17]} 45. Qc2 {[%clk 0:24:11]} Nb4 {[%clk 0:21:29]} 46. Qc7
{[%clk 0:24:25]} Nd3 {[%clk 0:20:31]} 47. Kg3 {[%clk 0:09:42]} b5
{[%clk 0:04:05]} 48. g5 {[%clk 0:09:01]} hxg5 {[%clk 0:04:22]} 49. h6
{[%clk 0:09:14]} gxh6 {[%clk 0:01:53]} 50. Bxe4 {[%clk 0:06:13]} Ne5
{[%clk 0:00:53]} 51. Bc2 {[%clk 0:06:27]} Rb4 {[%clk 0:00:57]} 52. Qd6
{[%clk 0:06:40]} Rc4 {[%clk 0:00:50]} 53. Qxf6 {[%clk 0:03:21]} Rc6
{[%clk 0:01:20]} 54. Qf5 {[%clk 0:03:45]} Bg6 {[%clk 0:01:46]} 55. Bb3+
{[%clk 0:04:12]} Kh7 {[%clk 0:02:15]} 56. Qh3 {[%clk 0:04:29]} g4
{[%clk 0:01:12]} 57. Qh1 {[%clk 0:04:49]} Nf3 {[%clk 0:00:53]} 58. Qa1
{[%clk 0:04:20]} Rc7 {[%clk 0:00:49]} 59. Qa5 {[%clk 0:04:11]} Rce7
{[%clk 0:00:36]} 60. Bf6 {[%clk 0:04:31]} Rd7 {[%clk 0:00:32]} 61. Qxb5
{[%clk 0:04:35]} Rc7 {[%clk 0:00:34]} 62. Qb6 {[%clk 0:04:13]} Rce7
{[%clk 0:00:31]} 63. Bxe7 {[%clk 0:04:28]} Rxe7 {[%clk 0:01:00]} 64. Kxg4
{[%clk 0:03:30]} Ne5+ {[%clk 0:01:13]} 65. Kh4 {[%clk 0:03:41]} Rg7
{[%clk 0:01:01]} 66. Qf6 {[%clk 0:03:53]} Nd7 {[%clk 0:01:00]} 67. Qd6
{[%clk 0:03:29]} h5 {[%clk 0:00:32]} 68. f3 {[%clk 0:03:45]} Bf5 {[%clk 0:00:32]}
69. e4 {[%clk 0:04:05]} Bg6 {[%clk 0:00:32]} 70. Ba4 {[%clk 0:03:46]} Be8
{[%clk 0:00:31]} 71. e5 {[%clk 0:03:44]} Kh8 {[%clk 0:00:31]} 72. e6
{[%clk 0:03:57]} Nf6 {[%clk 0:00:43]} 73. Bxe8 {[%clk 0:04:08]} Nxe8
{[%clk 0:01:01]} 74. Qf8+ {[%clk 0:04:34]} 1-0

[Event "Aleksandria Cup"]
[Site "?"]
[Date "2015.07.15"]
[Round "4.20"]
[White "Mustafin, Andrey"]
[Black "Rozhko, Dmitry"]
[Result "0-1"]
[LiveChessVersion "1.3.1"]
[BlackElo "2349"]
[WhiteElo "2144"]

1. e4 {[%clk 1:30:55]} e6 {[%clk 1:30:56]} 2. d4 {[%clk 1:31:16]} d5
{[%clk 1:31:22]} 3. Nc3 {[%clk 1:31:41]} dxe4 {[%clk 1:31:47]} 4. Nxe4
{[%clk 1:31:57]} Bd7 {[%clk 1:32:14]} 5. Nf3 {[%clk 1:30:47]} Bc6
{[%clk 1:32:41]} 6. Bd3 {[%clk 1:31:10]} Nd7 {[%clk 1:33:05]} 7. O-O
{[%clk 1:30:35]} Ngf6 {[%clk 1:33:31]} 8. Nxf6+ {[%clk 1:28:58]} Nxf6
{[%clk 1:31:00]} 9. Ne5 {[%clk 1:25:20]} Qxd4 {[%clk 1:27:33]} 10. Nxc6
{[%clk 1:25:33]} bxc6 {[%clk 1:27:57]} 11. Be2 {[%clk 1:07:17]} Qb6
{[%clk 1:25:18]} 12. Be3 {[%clk 1:05:35]} Bc5 {[%clk 1:25:20]} 13. Bxc5
{[%clk 1:03:02]} Qxc5 {[%clk 1:25:32]} 14. c3 {[%clk 1:03:22]} O-O
{[%clk 1:24:29]} 15. Bf3 {[%clk 1:03:20]} Rab8 {[%clk 1:23:33]} 16. Rb1
{[%clk 1:01:43]} Rfd8 {[%clk 1:22:05]} 17. Qa4 {[%clk 1:00:53]} Nd5
{[%clk 1:17:22]} 18. Rfc1 {[%clk 1:00:02]} a5 {[%clk 1:15:46]} 19. a3
{[%clk 0:56:55]} Qb5 {[%clk 1:03:16]} 20. Qe4 {[%clk 0:56:50]} Qb6
{[%clk 0:59:57]} 21. c4 {[%clk 0:56:24]} Ne7 {[%clk 1:00:10]} 22. c5
{[%clk 0:54:33]} Qb3 {[%clk 0:58:55]} 23. Be2 {[%clk 0:48:30]} Qd5
{[%clk 0:55:06]} 24. Qa4 {[%clk 0:47:17]} Qe5 {[%clk 0:48:51]} 25. Rc2
{[%clk 0:45:03]} Nf5 {[%clk 0:49:07]} 26. Bf1 {[%clk 0:45:00]} Nd4
{[%clk 0:48:44]} 27. Rcc1 {[%clk 0:41:28]} Nb3 {[%clk 0:47:13]} 28. Rd1
{[%clk 0:41:43]} Nd2 {[%clk 0:44:25]} 29. Rbc1 {[%clk 0:41:59]} Rxb2
{[%clk 0:43:31]} 30. Qxa5 {[%clk 0:40:59]} h5 {[%clk 0:43:09]} 31. Qa4
{[%clk 0:36:37]} Rd4 {[%clk 0:39:07]} 32. Qxc6 {[%clk 0:36:12]} Qf4
{[%clk 0:36:36]} 33. g3 {[%clk 0:29:48]} Qf6 {[%clk 0:31:23]} 34. Bg2
{[%clk 0:30:07]} Nb3 {[%clk 0:29:31]} 35. Rxd4 {[%clk 0:30:07]} Qxf2+
{[%clk 0:29:25]} 36. Kh1 {[%clk 0:30:17]} Nxd4 {[%clk 0:28:39]} 37. Qa8+
{[%clk 0:29:18]} Kh7 {[%clk 0:29:03]} 38. Rf1 {[%clk 0:29:37]} Qe2
{[%clk 0:27:16]} 39. Qe4+ {[%clk 0:09:55]} Qxe4 {[%clk 0:27:42]} 40. Bxe4+
{[%clk 0:40:10]} f5 {[%clk 0:58:10]} 41. Bd3 {[%clk 0:38:52]} Rb3
{[%clk 0:57:45]} 42. Ba6 {[%clk 0:38:56]} Rxa3 {[%clk 0:57:56]} 43. Bc8
{[%clk 0:39:21]} Kg6 {[%clk 0:57:41]} 44. Bd7 {[%clk 0:38:54]} c6
{[%clk 0:57:32]} 45. Rd1 {[%clk 0:38:59]} e5 {[%clk 0:57:47]} 46. Bxc6
{[%clk 0:39:24]} Rc3 {[%clk 0:56:57]} 47. Be8+ {[%clk 0:39:44]} Kg5
{[%clk 0:56:48]} 48. c6 {[%clk 0:39:34]} h4 {[%clk 0:56:28]} 49. gxh4+
{[%clk 0:32:23]} Kxh4 {[%clk 0:56:45]} 50. Bd7 {[%clk 0:32:33]} Rc2
{[%clk 0:55:50]} 51. Rd3 {[%clk 0:32:37]} g5 {[%clk 0:55:08]} 52. Rg3
{[%clk 0:26:03]} e4 {[%clk 0:55:05]} 53. Rg2 {[%clk 0:25:51]} Rc5
{[%clk 0:54:42]} 54. Rd2 {[%clk 0:24:43]} Nxc6 {[%clk 0:53:57]} 55. Rd6
{[%clk 0:25:05]} Nb4 {[%clk 0:53:43]} 56. Kg2 {[%clk 0:22:06]} Nd3
{[%clk 0:52:36]} 57. h3 {[%clk 0:20:48]} Nf4+ {[%clk 0:52:27]} 58. Kf1
{[%clk 0:20:08]} Kg3 {[%clk 0:52:22]} 0-1

[Event "Aleksandria Cup"]
[Site "?"]
[Date "2015.07.16"]
[Round "5.1"]
[White "Zubov, Alexander"]
[Black "Baghdasaryen, Vahe"]
[Result "1/2-1/2"]
[LiveChessVersion "1.3.1"]
[BlackElo "2401"]
[WhiteElo "2615"]

1. Nf3 {[%clk 1:30:53]} d5 {[%clk 1:24:05]} 2. c4 {[%clk 1:30:53]} c6
{[%clk 1:24:05]} 3. Qa4 {[%clk 1:30:53]} e6 {[%clk 1:18:36]} 4. g3
{[%clk 1:30:15]} Nd7 {[%clk 0:57:42]} 5. d3 {[%clk 1:29:42]} h5 {[%clk 0:57:42]}
6. Qc2 {[%clk 1:11:12]} Be7 {[%clk 0:43:14]} 7. h3 {[%clk 1:09:32]} e5 8. Bg2
{[%clk 1:00:49]} d4 {[%clk 0:35:30]} 9. O-O Nh6 {[%clk 0:32:40]} 10. e3
{[%clk 0:53:02]} dxe3 {[%clk 0:32:15]} 11. Bxe3 {[%clk 0:53:25]} Nf5
{[%clk 0:32:39]} 12. Bd2 {[%clk 0:40:32]} Nd4 {[%clk 0:28:15]} 13. Nxd4
{[%clk 0:36:47]} exd4 {[%clk 0:28:44]} 14. Re1 {[%clk 0:36:19]} O-O
{[%clk 0:28:54]} 15. Ba5 {[%clk 0:22:54]} Qxa5 {[%clk 0:17:27]} 16. Rxe7
{[%clk 0:23:17]} h4 {[%clk 0:17:53]} 17. Qd2 {[%clk 0:09:04]} Qc5
{[%clk 0:14:45]} 18. Qe2 {[%clk 0:04:20]} hxg3 {[%clk 0:15:10]} 19. fxg3 Qd6 20.
g4 {[%clk 0:05:09]} Nc5 {[%clk 0:15:56]} 21. Re8 {[%clk 0:05:23]} Bd7
{[%clk 0:15:56]} 22. Rxa8 {[%clk 0:05:35]} Rxa8 {[%clk 0:16:20]} 23. Nd2
{[%clk 0:05:53]} Qg3 {[%clk 0:08:15]} 24. Qf3 {[%clk 0:05:22]} Qxf3
{[%clk 0:08:04]} 25. Nxf3 {[%clk 0:05:50]} Nxd3 {[%clk 0:08:24]} 26. Nxd4
{[%clk 0:06:09]} Nxb2 {[%clk 0:06:46]} 27. Rb1 {[%clk 0:06:37]} Nxc4
{[%clk 0:07:10]} 28. Rxb7 {[%clk 0:07:02]} Ne5 {[%clk 0:07:01]} 29. Nf3
{[%clk 0:04:26]} Nxf3+ {[%clk 0:06:37]} 30. Bxf3 {[%clk 0:04:54]} Be6
{[%clk 0:05:42]} 31. Bxc6 {[%clk 0:05:22]} Bxa2 {[%clk 0:03:19]} 32. Rb2
{[%clk 0:05:29]} Rc8 {[%clk 0:03:45]} 33. Rxa2 {[%clk 0:05:54]} Rxc6
{[%clk 0:04:11]} 34. Rxa7 {[%clk 0:06:18]} 1/2-1/2

[Event "Aleksandria Cup"]
[Site "?"]
[Date "2015.07.16"]
[Round "5.2"]
[White "Shahinyan, David"]
[Black "Maghalashvili, Davit"]
[Result "1/2-1/2"]
[LiveChessVersion "1.3.1"]
[BlackElo "2515"]
[WhiteElo "2451"]

1. Nf3 {[%clk 1:29:32]} d5 {[%clk 1:30:27]} 2. g3 {[%clk 1:29:51]} c6
{[%clk 1:29:56]} 3. Bg2 {[%clk 1:30:01]} Bg4 {[%clk 1:28:41]} 4. d4
{[%clk 1:28:00]} Nd7 {[%clk 1:28:04]} 5. Nbd2 {[%clk 1:28:13]} Ngf6
{[%clk 1:28:08]} 6. O-O {[%clk 1:28:35]} e6 {[%clk 1:28:09]} 7. Re1
{[%clk 1:28:58]} Be7 {[%clk 1:28:12]} 8. e4 {[%clk 1:29:21]} dxe4
{[%clk 1:28:09]} 9. Nxe4 {[%clk 1:29:42]} Nxe4 {[%clk 1:26:30]} 10. Rxe4
{[%clk 1:27:45]} Nf6 {[%clk 1:26:24]} 11. Re1 {[%clk 1:28:10]} O-O
{[%clk 1:26:37]} 12. c3 {[%clk 1:26:41]} Qb6 {[%clk 1:20:16]} 13. Qb3
{[%clk 1:22:06]} Bxf3 {[%clk 1:18:20]} 14. Bxf3 {[%clk 1:21:10]} Qxb3
{[%clk 1:18:11]} 15. axb3 Rfd8 1/2-1/2